Statistics for Which Diseases Are Vaccine Preventable?

Click here to take the quiz!

General Stats

  • This quiz has been taken 574 times
  • The average score is 33 of 45

Answer Stats

QuestionTileSelect% Correct
diseases that are preventable with vaccination.Creutzfeldt–Jakob DiseaseNo
95%
diseases that are preventable with vaccination.Conjunctivitis (Pinkeye)No
94%
diseases that are preventable with vaccination.AIDSNo
93%
diseases that are preventable with vaccination.SepsisNo
92%
diseases that are preventable with vaccination.TrichinosisNo
92%
diseases that are preventable with vaccination.Legionnaires' DiseaseNo
91%
diseases that are preventable with vaccination.BotulismNo
90%
diseases that are preventable with vaccination.Cat Scratch FeverNo
90%
diseases that are preventable with vaccination.MeaslesYes
90%
diseases that are preventable with vaccination.PolioYes
90%
diseases that are preventable with vaccination.COVID-19Yes
89%
diseases that are preventable with vaccination.GonorrheaNo
88%
diseases that are preventable with vaccination.SmallpoxYes
88%
diseases that are preventable with vaccination.TetanusYes
88%
diseases that are preventable with vaccination.InfluenzaYes
87%
diseases that are preventable with vaccination.African Sleeping SicknessNo
86%
diseases that are preventable with vaccination.LeprosyNo
86%
diseases that are preventable with vaccination.Lyme DiseaseNo
86%
diseases that are preventable with vaccination.ScabiesNo
86%
diseases that are preventable with vaccination.MumpsYes
82%
diseases that are preventable with vaccination.Eastern Equine EncephalitisNo
80%
diseases that are preventable with vaccination.RubellaYes
80%
diseases that are preventable with vaccination.Hepatitis BYes
78%
diseases that are preventable with vaccination.West Nile FeverNo
78%
diseases that are preventable with vaccination.Zika FeverNo
77%
diseases that are preventable with vaccination.Varicella (Chickenpox)Yes
75%
diseases that are preventable with vaccination.Bubonic PlagueNo
74%
diseases that are preventable with vaccination.HantavirusNo
73%
diseases that are preventable with vaccination.RabiesYes
73%
diseases that are preventable with vaccination.Pertussis (Whooping Cough)Yes
71%
diseases that are preventable with vaccination.DiptheriaYes
70%
diseases that are preventable with vaccination.Hepatitis AYes
68%
diseases that are preventable with vaccination.Scarlet FeverNo
68%
diseases that are preventable with vaccination.Yellow FeverYes
67%
diseases that are preventable with vaccination.PneumoniaNo
66%
diseases that are preventable with vaccination.SARSNo
61%
diseases that are preventable with vaccination.TuberculosisYes
61%
diseases that are preventable with vaccination.ShinglesYes
58%
diseases that are preventable with vaccination.Typhoid FeverYes
50%
diseases that are preventable with vaccination.MalariaYes
47%
diseases that are preventable with vaccination.Hepatitis CNo
46%
diseases that are preventable with vaccination.Dengue FeverYes
42%
diseases that are preventable with vaccination.CholeraYes
36%
diseases that are preventable with vaccination.EbolaYes
26%
diseases that are preventable with vaccination.AnthraxYes
25%

Score Distribution

Percentile by Number Answered

Percent of People with Each Score

Your Score History

You have not taken this quiz